Los nuevos conservadores : (Registro nro. 22150)
[ vista simple ]
| 000 -Cabecera | |
|---|---|
| Campo de control interno | 00854nam a22002417a 4500 |
| 005 - Fecha y hora del registro | |
| control field | 20260331174939.0 |
| 008 - Elementos de Longitud Fija | |
| fixed length control field | 260330b |||||||| |||| 00| 0 spa d |
| 020 ## - ISBN | |
| ISBN | 9788419979834 |
| 082 ## - DEWEY y NOTACIÓN INTERNA | |
| Dewey | 320.52 |
| Notación Interna | K83 |
| 100 ## - AUTOR | |
| Autor denominación | Kronman, Anthony T. |
| Término de relación | autor |
| 245 ## - TÍTULO DE MATERIAL BIBLIOGRÁFICO | |
| Título | Los nuevos conservadores : |
| Título paralelo | la verdad y el valor de una ideología imprescindible para la defensa del humanismo en la era de la arrogancia |
| 250 ## - EDICIÓN | |
| Edición | Primera edición |
| 260 ## - CIUDAD, EDITORIAL, AÑO | |
| Ciudad | Córdova : |
| Nombre de la Editorial | Sekotia, |
| Año | 2025 |
| 300 ## - DESCRIPCIÓN | |
| N° Páginas | 415 páginas : |
| Otros detalles | ; |
| Dimensiones | 23 cm. |
| 440 ## - MENCIÓN DE SERIE | |
| Título de la Serie | ; |
| 650 ## - TEMAS | |
| Temas | Ciencias Sociales |
| 653 ## - DESCRIPTORES | |
| Lenguajes no controlado | Ciencia política; Conservatismo |
| 654 ## - PROGRAMAS | |
| Programa | Dpto. de Derecho y Ciencia Política |
| 700 ## - OTROS AUTORES | |
| Otros autores | ; |
| 856 ## - URL - UBICACIÓN | |
| URI/URL: Enlace exacto del recurso | <a href="https://0u214uus1-y-https-app-vlex-com.itmsp.museknowledge.com/search/jurisdiction:PE/nuevos+conservadores">https://0u214uus1-y-https-app-vlex-com.itmsp.museknowledge.com/search/jurisdiction:PE/nuevos+conservadores</a> |
| Nota pública: Versión digital | <a href="Véase además: Base de datos JSTOR">Véase además: Base de datos JSTOR</a> |
| 942 ## - ELEMENTOS DE KOHA | |
| Tipo de documento | Libro |
| Nombre del creador | Justo Noguera |
| Código de catalogador | Mirtha Ponce |
| Suppress in OPAC | No |
| Esquema de clasificación | Dewey Decimal Classification |
| Codigo completo | Registro | Colección | Copia número | Disponibilidad | Tipo de préstamo | Biblioteca Actual | Procedencia (Biblioteca) | Ubicacón | Fecha Ingreso | Tipo de Adquisición | Observación | Date last seen | Total checkouts | Price effective from | Tipo de Item | Estado del Material | Fuente de Clasificación | Damaged status | Withdrawn status |
|---|---|---|---|---|---|---|---|---|---|---|---|---|---|---|---|---|---|---|---|
| 320.52 K83 | 1088243 | Universidad Católica San Pablo | 1 | No disponible | Proceso | Víctor Andrés Belaunde | Víctor Andrés Belaunde | Planta baja abierta | 30/03/2026 | Compra | Derecho | 30/03/2026 | 30/03/2026 | Libro | Bueno | Dewey Decimal Classification | Withdrawn |




